Catastrophes and evolution: astronomical foundations
Gorde:
| Formatua: | Liburua |
|---|---|
| Hizkuntza: | ingelesa |
| Argitaratua: |
Cambridge, England, United Kingdom
Cambridge University
1989
|
| Gaiak: | |
| Etiketak: |
Etiketa erantsi
Etiketarik gabe, Izan zaitez lehena erregistro honi etiketa jartzen!
|
MARC
| LEADER | 00000nam a2200000 a 4500 | ||
|---|---|---|---|
| 001 | UCG6396 | ||
| 003 | CL-VaPUC | ||
| 005 | 20240820120349.0 | ||
| 008 | 110421e19890000uk |||||||||||||||||eng|d | ||
| 999 | |c 344647 |d 344645 | ||
| 020 | |a 0521374200 | ||
| 040 | |c Pontificia Universidad Católica de Valparaíso | ||
| 082 | 0 | 4 | |a 523 CAT 1989 |2 21 |
| 245 | 1 | 0 | |a Catastrophes and evolution: astronomical foundations |
| 260 | 0 | 3 | |a Cambridge, England, United Kingdom |b Cambridge University |c 1989 |
| 300 | |a 239 páginas | ||
| 500 | |a The 1988 BAAs Mason of the Royal Astronomical Society at Oxford, September 6th, 1988 | ||
| 583 | |a last modification |c 20130807 02:07:59 |k Rodrigo Vera | ||
| 650 | 0 | |a Astronomía |9 260985 | |
| 650 | 7 | |a FENOMENOS CELESTES |2 CL-VaPUC |9 556572 | |
| 650 | 7 | |a FUNDAMENTOS ASTRONOMICOS |2 CL-VaPUC |9 556573 | |
| 650 | 0 | |a Geología |9 260984 | |
| 650 | 7 | |a COMETAS |2 CL-VaPUC |9 369725 | |
| 650 | 7 | |a METEOROS |2 CL-VaPUC |9 356120 | |
| 650 | 7 | |a CATASTROFE |2 CL-VaPUC |9 556574 | |
| 942 | |c BK |2 ddc | ||
| 945 | |d 20110421 00:00:00 |a jcampos | ||
| 952 | |0 0 |1 0 |2 ddc |4 0 |6 523_000000000000000_CAT_1989 |7 0 |8 A |9 442721 |a BIBCUR |b BIBCUR |d 2019-11-22 |i 4768213 |o 523 CAT 1989 |p 4768213 |r 2025-04-22 |t 1 |w 2019-11-22 |y BK |k BIO | ||